Portals of selected international organizations and institutions for internal security - the content and structure

Internet - nová forma komunikácie a prenosu informácií vzťahujúcich sa k medzinárodnej bezpečnosti. Webové portály.

Enregistré dans:
Détails bibliographiques
Auteur principal: Mierzejewski, Donat Jerzy
Format: Chapitre de livre
Langue:anglais
Sujets:
Tags: Ajouter un tag
Pas de tags, Soyez le premier à ajouter un tag!

MARC

LEADER 00000naa a2200000 4500
001 0166222
005 20231207093634.8
041 0 |a eng 
044 |a SK 
245 1 0 |a Portals of selected international organizations and institutions for internal security - the content and structure  |c Donat Jerzy Mierzejewski 
520 |a Internet - nová forma komunikácie a prenosu informácií vzťahujúcich sa k medzinárodnej bezpečnosti. Webové portály. 
610 2 0 |a bezpečnosť medzinárodná 
610 2 0 |a organizácie medzinárodné 
610 2 0 |a komunikácia elektronická 
610 2 0 |a informácie 
610 2 0 |a prenos dát 
610 2 0 |a siete počítačové 
610 2 0 |a stránky webové 
100 1 |a Mierzejewski, Donat Jerzy